Managing global pollution problems by reduction and adaptation policies

Na minha lista:
Detalhes bibliográficos
Autor principal: Stähler, Frank
Formato: Livro
Idioma:inglês
Publicado em: Kiel Institut für Weltwirtschaft 1992
Colecção:Kiel working papers no. 542
Assuntos:
Tags: Adicionar Tag
Sem tags, seja o primeiro a adicionar uma tag!

MARC

LEADER 00000nam a2200000 4500
001 c100486
005 20221123101743.9
022 |a 0342-0787 
041 0 |a eng 
044 |a DE 
245 1 0 |a Managing global pollution problems by reduction and adaptation policies  |c by Frank Stähler 
264 1 |a Kiel  |b Institut für Weltwirtschaft  |c 1992 
300 |a 19 s. 
490 1 |a Kiel working papers  |v no. 542 
830 0 |a Kiel working papers  |v no. 542 
610 2 0 |a politika environmentálna 
610 2 0 |a znečistenie prostredia životného 
610 2 0 |a spolupráca medzinárodná 
610 2 0 |a kooperácia 
610 2 0 |a modely 
610 2 0 |a adaptácia 
100 1 |a Stähler, Frank